| 000 | 00886nam a2200253Ia 4500 | ||
|---|---|---|---|
| 008 | 191130s2009##################000#0#eng## | ||
| 020 | _a9788181892690 | ||
| 040 |
_aACL _cACL |
||
| 082 | _a302.23 DUB | ||
| 245 |
_aDevelopment communication : applied to journalism and mass communication, extension education and communication, rural development and management studies _ceditors V.K. Dubey, K.N. Pandey, Rajshekhar Pandey |
||
| 260 |
_aLucknow _bInternational book distributing co _c2009 |
||
| 300 | _a830 p. : ill. ; 25 cm | ||
| 500 | _aIncludes index | ||
| 650 | _aCommunication | ||
| 650 | _aCommunication in economic development | ||
| 650 | _aCommunication in management | ||
| 650 | _aIndia | ||
| 700 | _aDubey, V. K | ||
| 700 | _aPandey, K. N | ||
| 700 | _aPandey, Rajshekhar | ||
| 990 | _aaf5f6071ac10000c1ec59b8a7ef7a4f4 | ||
| 991 | _a222611 | ||
| 999 |
_c148525 _d148525 |
||